[Event "Florianopolis op 6th"]
[Site "Florianopolis"]
[Date "2020.01.21"]
[Round "2"]
[White "Blau, Vitoria Caroline"]
[Black "Bernardes, Arthur Feliphe Stru"]
[Result "0-1"]
[WhiteElo "1409"]
[BlackElo "1828"]
[PlyCount "62"]
[EventDate "2020.01.20"]
[EventType "swiss"]
[EventRounds "10"]
[EventCountry "BRA"]
[SourceTitle "CBM 194 Extra"]
[Source "ChessBase"]
[SourceDate "2020.03.31"]
[SourceVersion "1"]
[SourceVersionDate "2020.03.31"]
[SourceQuality "1"]

1. d4 Nf6 2. c4 e5 3. dxe5 Ng4 4. Bf4 g5 5. Bg3 Bg7 6. Nf3 Nc6 7. h4 h6 8. Nc3 Ngxe5 9. Nxe5 Nxe5 10. hxg5 hxg5 11. Rxh8+ Bxh8 12. Qc2 Ng6 13. e3 d6 14. Be2 Be6 15. Rd1 Qe7 16. Nd5 Bxd5 17. cxd5 0-0-0 18. a4 Be5 19. Bxe5 Qxe5 20. Rc1 Qe7 21. a5 a6 22. b4 Rh8 23. Kd2 Rh2 24. Bg4+ Kb8 25. Qf5 Qe8 26. Bh3 Ne5 27. Ke2 Qd8 28. f3 Qh8 29. Qxg5 Qxh3 30. Kd1 Rxg2 31. Qd8+ Ka7 0-1

[Event "Florianopolis op 2nd"]
[Site "Florianopolis"]
[Date "2016.01.22"]
[Round "10"]
[White "Bernardes, Arthur Feliphe Stru"]
[Black "Lemos, Dawton Almino"]
[Result "0-1"]
[WhiteElo "1864"]
[BlackElo "2231"]
[PlyCount "122"]
[EventDate "2016.01.16"]
[EventType "swiss"]
[EventRounds "10"]
[EventCountry "BRA"]
[SourceTitle "CBM 170 Extra"]
[Source "ChessBase"]
[SourceDate "2016.02.25"]
[SourceVersion "1"]
[SourceVersionDate "2016.02.25"]
[SourceQuality "1"]

1. e4 e6 2. d4 d5 3. Nd2 Nf6 4. e5 Nfd7 5. f4 c5 6. c3 Nc6 7. Ndf3 Qb6 8. Ne2 Be7 9. h4 cxd4 10. cxd4 f6 11. a3 a5 12. Rh3 0-0 13. b3 f5 14. Kf2 Qd8 15. Ng5 Nb6 16. Nc3 h6 17. Nf3 Bd7 18. Bd3 Na7 19. Bd2 Qe8 20. Qe2 Rc8 21. h5 a4 22. b4 Nc4 23. Nh2 Nb5 24. Nxb5 Bxb5 25. Be3 Ba6 26. Nf3 Nxe3 27. Qxe3 Bxd3 28. Qxd3 Qc6 29. Ne1 Rc7 30. Ra2 Qc1 31. Qd2 Rfc8 32. Rd3 Qb1 33. Rb2 Qa1 34. Ra2 Qb1 35. Rb2 Qc1 36. Ra2 Qxd2+ 37. Raxd2 Rc1 38. Ke2 Kf7 39. g3 g5 40. hxg6+ Kxg6 41. Rd1 R1c4 42. Rb1 Kh5 43. Rb2 Rc3 44. Rbd2 Kg4 45. Kf2 h5 46. Kg2 h4 47. gxh4 Kxf4 48. Kh3 Rxd3+ 49. Rxd3 Ke4 50. Rg3 Kxd4 51. Nf3+ Ke4 52. Nd2+ Kxe5 53. Re3+ Kd6 54. Nf3 Bf6 55. Ng5 Bxg5 56. hxg5 Rg8 57. Kh4 d4 58. Rd3 e5 59. Kh5 Kd5 60. g6 e4 61. Rd1 e3 0-1

[Event "Florianopolis op 2nd"]
[Site "Florianopolis"]
[Date "2016.01.18"]
[Round "4"]
[White "Bernardes, Arthur Feliphe Stru"]
[Black "Pereira Neto, Wladimir Nequesaurt"]
[Result "0-1"]
[WhiteElo "1864"]
[BlackElo "1850"]
[PlyCount "60"]
[EventDate "2016.01.16"]
[EventType "swiss"]
[EventRounds "10"]
[EventCountry "BRA"]
[SourceTitle "CBM 170 Extra"]
[Source "ChessBase"]
[SourceDate "2016.02.25"]
[SourceVersion "1"]
[SourceVersionDate "2016.02.25"]
[SourceQuality "1"]

1. Nf3 Nf6 2. e3 c5 3. d4 e6 4. c4 d5 5. Nc3 Nc6 6. Be2 Be7 7. 0-0 0-0 8. b3 Qa5 9. Bb2 Rd8 10. dxc5 dxc4 11. Qc2 cxb3 12. Qxb3 Qxc5 13. Rac1 Na5 14. Qc2 Bd7 15. Qb1 Rac8 16. Ne4 Qb6 17. Bd3 Nxe4 18. Bxe4 f5 19. Bd3 Bf6 20. Bd4 Qxb1 21. Rxb1 b6 22. Ne5 Ba4 23. Bb5 Bxb5 24. Rxb5 Bxe5 25. Rxe5 Kf7 26. Rb5 Nc6 27. Bc3 Ne7 28. Bb4 Nd5 29. Bd2 Rc2 30. Bc1 Nc3 0-1

[Event "Curitiba Sul Regional-ch"]
[Site "Curitiba"]
[Date "2015.07.11"]
[Round "4"]
[White "Bernardes, Arthur Feliphe Stru"]
[Black "Mariani, Daniel Brandao"]
[Result "0-1"]
[WhiteElo "1827"]
[BlackElo "1993"]
[PlyCount "44"]
[EventDate "2015.07.10"]
[EventType "swiss"]
[EventRounds "6"]
[EventCountry "BRA"]
[SourceTitle "EXT 2016"]
[Source "ChessBase"]
[SourceDate "2015.10.08"]
[SourceVersion "1"]
[SourceVersionDate "2015.10.08"]
[SourceQuality "1"]

1. e4 c5 2. Nf3 d6 3. d4 cxd4 4. Nxd4 Nf6 5. Nc3 a6 6. Be3 e5 7. Nb3 Be7 8. f3 Be6 9. Qd2 0-0 10. 0-0-0 a5 11. Kb1 a4 12. Nc1 a3 13. Nd5 Bxd5 14. exd5 axb2 15. Nb3 Na6 16. g4 Nc7 17. g5 Nfxd5 18. Bc4 Nxe3 19. Qxe3 b5 20. Bd5 Nxd5 21. Rxd5 Rxa2 22. Rxb5 Qa8 0-1

[Event "Florianopolis Ribeiro Neto Memorial"]
[Site "Florianopolis"]
[Date "2014.09.17"]
[Round "5"]
[White "Coelho, Tatiane Cristina"]
[Black "Bernardes, Arthur Feliphe Stru"]
[Result "1-0"]
[WhiteElo "1845"]
[BlackElo "1656"]
[PlyCount "89"]
[EventDate "2014.09.12"]
[EventType "swiss"]
[EventRounds "6"]
[EventCountry "BRA"]
[SourceTitle "EXT 2015"]
[Source "ChessBase"]
[SourceDate "2014.11.20"]
[SourceVersion "1"]
[SourceVersionDate "2014.11.20"]
[SourceQuality "1"]

1. d4 Nf6 2. Nf3 e6 3. Bf4 d5 4. e3 c5 5. c3 b6 6. Nbd2 Be7 7. Bd3 c4 8. Bc2 0-0 9. h3 Bd7 10. 0-0 Nc6 11. e4 b5 12. Re1 a5 13. a4 b4 14. cxb4 axb4 15. exd5 exd5 16. b3 Na5 17. Qe2 Re8 18. bxc4 Bd6 19. Ne5 dxc4 20. Ndxc4 Nxc4 21. Qxc4 Be6 22. Qd3 Rc8 23. Bd2 g6 24. g4 Bd5 25. f4 Qc7 26. Bb3 Qb7 27. Bxd5 Qxd5 28. Rab1 Qa2 29. Ra1 Qd5 30. Re3 Rf8 31. Qb3 Qxd4 32. Rd1 Bc5 33. Kg2 Qxf4 34. Re2 Be3 35. Qxe3 Qxe3 36. Rxe3 Rc2 37. Kf3 Rd8 38. Rd3 Rxd3+ 39. Nxd3 b3 40. Bg5 Nd5 41. a5 Ra2 42. Bd8 Ra3 43. Nb2 Nc3 44. Rd3 Nb5 45. Bf6 1-0

[Event "Fraiburgo Alvino Memorial 3rd"]
[Site "Fraiburgo"]
[Date "2013.07.20"]
[Round "2"]
[White "Bernardes, Arthur Feliphe Stru"]
[Black "Maia, Jonathan Cesar"]
[Result "0-1"]
[WhiteElo "1816"]
[BlackElo "1878"]
[PlyCount "94"]
[EventDate "2013.07.19"]
[EventType "swiss"]
[EventRounds "6"]
[EventCountry "BRA"]
[SourceTitle "CBM 155 Extra"]
[Source "ChessBase"]
[SourceDate "2013.08.26"]
[SourceVersion "1"]
[SourceVersionDate "2013.08.26"]
[SourceQuality "1"]

1. e4 c6 2. d4 d5 3. Nd2 dxe4 4. Nxe4 Bf5 5. Ng3 Bg6 6. h4 h6 7. f4 e6 8. Nf3 Nd7 9. Bd3 Bxd3 10. Qxd3 Ngf6 11. Qb3 Qc7 12. Bd2 Bd6 13. Ne5 c5 14. Nxd7 Qxd7 15. Qd3 Qc6 16. 0-0-0 0-0-0 17. dxc5 Bxf4 18. Qc3 Rxd2 19. Rxd2 Bxd2+ 20. Qxd2 Qxc5 21. Rd1 Qc7 22. Qe3 Rd8 23. Rxd8+ Kxd8 24. Qd4+ Kc8 25. Qd3 Qa5 26. Qc4+ Qc7 27. Qd3 Qe5 28. Ne2 Nd5 29. Qb5 Qe3+ 30. Kd1 Qf2 31. Qc4+ Kb8 32. Qd3 Qxh4 33. b3 Qg5 34. Ke1 Qe3 35. Qc4 Qe5 36. Qd3 Qe3 37. Qc4 a6 38. Kd1 Qg5 39. Qe4 Ne3+ 40. Ke1 Nxg2+ 41. Kf2 Nh4 42. Ke1 Ng6 43. Qd3 Qh4+ 44. Kd2 Qe7 45. Qg3+ e5 46. Qc3 f6 47. Qd3 Nf4 0-1